00900nam a22001935i 4500001000700000003000900007005001700016008004100033040003000074245015700104260006300261300002600324597002400350711009000374711006100464852003600525999001900561952012600580163229ES-MaACL20230906212710.0990308s1894 sp |||| | spa d aCCPB | B bspa cCCPB | B00aRelación de los expositores españoles premiados en la Exposición Universal de Chicago de 1893 / cpublicado por la Comisión General de España. aMadrid : b[s.n.], c1894 (fImprenta de Ricardo de Rojas) aXV, 818 p. ; c24 cm. 1aPort. a dos tintas.21aExposición Universal. eComisión General de España (d1893). cChicago)91351450 aWorld's Columbian Exposition (d1893. cChicago)9135144 aES-MaACLjG-1476 z-- Enc. hol. c163229d163229 001040708LIBXIXaATENEOMbATENEOMcDEPO2d2008-01-17eSSCl0oG-1476p1171046r2023-02-23 00:00:00w2023-02-23yMONANT